ბათუმის შოთა რუსთაველის სახელმწიფო უნივერსიტეტის ბიბლიოთეკა

ეთიოპიკა : (ბიბ.ჩანაწერი № 59707)

000 -ლიდერი
ფიქსირებული სიგრძის საკონტროლო ველი 00924nam a22002177a 4500
003 - საკონტროლო ნომრის იდენტიფიკატორი
საკონტროლო ველი Ge_BSU
005 - ბოლო ოპერაციის თარიღი და დრო
საკონტროლო ველი 20230404153553.0
008 - ფიქსირებული სიგრძის მონაცემთა ელემენტები - ზოგადი ინფორმაცია
ფიქსირებული სიგრძის საკონტროლო ველი 230404s1972 ge ||||| |||| 00| 0 geo d
041 ## - ენის კოდი
Language code of text/sound track or separate title geo
080 ## - უნივერსალური ათობითი კლასიფიკაციის ინდექსი
Universal Decimal Classification number 821.14'01-31 ჰ-42
100 ## - მთავარი ჩანაწერი - პიროვნების სახელი
Personal name ჰელიოდორე
9 (RLIN) 17471
245 ## - ცნობა სათაურის შესახებ
Title ეთიოპიკა :
Remainder of title ძველბერძნ. რომანი /
Statement of responsibility, etc ჰელიოდორე; თარგმანი გიგლა სარიშვილისა.
250 ## - გამოცემის ცნობა
Edition statement პირველი გამოცემა
264 ## - წარმოების, გამოცემის, დისტრიბუციის და სხვა ცნობები
გამოცემის, წარმოების, დისტრიბუციის... ადგილი თბილისი:
გამოცემის, წარმოების, დისტრიბუციის... სახელწოდება მერანი,
გამოცემის, წარმოების, დისტრიბუციის... თარიღი 1972.
300 ## - ფიზიკური აღწერა
Extent 278 გვ.;
Other physical details 21 სმ.
500 ## - ზოგადი შენიშვნა
General note პარალ სათ. ინგლ.
653 ## - INDEX TERM--UNCONTROLLED
Uncontrolled term ძველბერძნ. რომანი
653 ## - INDEX TERM--UNCONTROLLED
Uncontrolled term ეთიოპიკა
700 ## - ADDED ENTRY--PERSONAL NAME
Personal name სარიშვილი, გიგლა
Relator term მთარგმნელი
9 (RLIN) 17472
942 ## - ADDED ENTRY ELEMENTS (KOHA)
Source of classification or shelving scheme
Koha item type წიგნი
ეგზემპლარები
ჩამოწერის სტატუსი დაკარგული ეგზემპლარის სტატუსი კლასიფიკაციის წყარო ან თაროზე გაწყობის სქემა დაზიანების სტატუსი არ გაიცემა მუდმივი მდებარეობა (დაცვის ადგილი) ამჟამინდელი ადგილსამყოფელი თაროზე განთავსების ადგილი შეძენის თარიღი ღირებულება, შესყიდვის ნორმალური ფასი სრული შენახვის შიფრი შტრიხკოდი ბოლო ოპერაციის თარიღი ეგზემპლარის მიმდევრობითი ნომერი (კეტერი?) Uniform Resource Identifier ფასის ძალაში შესვლის თარიღი ეგზემპლარის სახეობა საჯარო შენიშვნა
          ბათუმის შოთა რუსთაველის სახელმწიფო უნივერსიტეტის მთავარი ბიბლიოთეკა ბათუმის შოთა რუსთაველის სახელმწიფო უნივერსიტეტის მთავარი ბიბლიოთეკა წიგნსაცავი 2023-04-04 8.00 821.14'01-31 ჰ-42 64140 2023-04-04 64140 ბსუ-ს საპატიო დოქტორის გურამ ლორთქიფანიძის საჩუქარი 2023-04-04 წიგნი 8 ლ.